| 000 | 01545nam a2200361 i 4500 | ||
|---|---|---|---|
| 003 | DO-SdBNP | ||
| 005 | 20240904152509.0 | ||
| 007 | ta | ||
| 008 | 240904s1986 sp 000 j spa d | ||
| 020 | _a8401921002 (col. Gran Reno) | ||
| 020 | _a8401929040 (vol. 100/4) | ||
| 040 |
_aDO-SdBNP _bspa _cBNPHU _erda |
||
| 082 |
_bH355g _222 |
||
| 100 | 1 |
_aHassel, Sven _911765 _d1917-2012 _eautor |
|
| 245 | 1 | 0 |
_aGeneral SS / _cSven Hassel ; traductor Domingo Pruna |
| 250 | _a18a. edición | ||
| 250 | _a2a. edición en esta colección | ||
| 264 | 1 |
_aBarcelona, España : _bPlaza & Janes editores, _c1986. |
|
| 300 |
_a247 páginas, _c18 cm. |
||
| 336 |
_2rdacontent _atexto _btxt |
||
| 337 |
_2rdamedia _asin mediación _bn |
||
| 338 |
_2rdacarrier _avolumen _bnc |
||
| 490 | 1 | _aBiblioteca de Sven Hassel | |
| 490 | 1 |
_aGran Reno _v100/4 |
|
| 500 | _aIncluye datos biografícos del autor en la solapa de portada. | ||
| 520 | _aEn el desastre de Stalingrado, los soldados alemanes derrotados están muertos de hambre y de frio. Sólo una brecha, abierta por un grupo de combatientes mandados por un general SS más humano que los otros, puede salvarlos de la tortura y de la muerte inevitable. Este aspecto de la batalla germano-rusa, poco conocido del gran público, halla aquí un escritor digno de él. | ||
| 590 | _aInventariado, 2024/ YL | ||
| 650 | 4 |
_aInmigrantes _vFicción. _986524 |
|
| 650 | 4 |
_aMenonitas _vFicción. _986525 |
|
| 700 |
_4trad. _aPruna, Domingo _etraductor _914327 |
||
| 910 | _aYLockward | ||
| 942 |
_2ddc _cLBS1 |
||
| 999 |
_c57631 _d57631 |
||